000 01232cad a22002535a 4500
001 E146815
008 090302s2009 xxkad f s 000 0 eng d
035 _a(Sirsi) u146815
041 0 _aeng
100 1 _aSmith, David
245 0 0 _aOut of bounds
_h[electronic resource]
260 _c2009
490 _aRICS Residential Property Journal
_vMarch-April 2009, 28-29(2)
520 _aHighlights issues to do with discrimination on the grounds of belief or sexual orientation in relation to property, which is covered by The Equality Act 2006. Discusses relevant case law , and suggests that property professionals would do well to be aware of discrimination law, since the consequences of an error can be severe.
520 _aArticle is member-only content and members must be registered with www.rics.org to access it.
590 _aKA
650 2 4 _aEQUALITY ACT 2006
650 2 4 _aWILLIAMS V RICHMOND COURT (SWANSEA) LTD
650 2 4 _aLEWISHAM V MALCOLM
651 4 _aEngland and Wales
_y1543-
690 _aMANAGEMENT-BUSINESS MANAGEMENT-DISCRIMINATION
856 4 0 _uhttps://www.rics.org/site/download_feed.aspx?fileID=537
_zView the article free of charge (RICS member-only content) at www.rics.org...
942 _n0
999 _c81298
_d81298